Normal view MARC view
  • Baloch, Shakil Ahmad

Entry Personal Name

Number of records used in: 4

001 - CONTROL NUMBER

  • control field: 3954

003 - CONTROL NUMBER IDENTIFIER

  • control field: NUST

005 - DATE AND TIME OF LATEST TRANSACTION

  • control field: 20170817131140.0

008 - FIXED-LENGTH DATA ELEMENTS

  • fixed length control field: 170817|| aca||aabn | a|a d

040 ## - CATALOGING SOURCE

  • Original cataloging agency: NUST
  • Transcribing agency: NUST

100 ## - HEADING--PERSONAL NAME

  • Personal name: Baloch, Shakil Ahmad

670 ## - SOURCE DATA FOUND

  • Source citation: Work cat.: (NUST): Baloch, Shakil Ahmad, Baluchistan ki pukar/, 2004
© 2023 Central Library, National University of Sciences and Technology. All Rights Reserved.